000
00291nam a22001337a 4500
008
170727b xxu||||| |||| 00| 0 eng d
020
_a
9781439078389
041
_a
eng
080
_a
004
100
_a
31
101
_a
SHK
245
_a
MICROSOFT OFFICE 2010
_c
SHELLY,G.B
942
_2
udc
_c
BK
999
_c
21998
_d
21998